Normal view
MARC view
- الاسلام - الحديث النبوي
Entry Topical Term
001 - CONTROL NUMBER
- control field: 45892
003 - CONTROL NUMBER IDENTIFIER
- control field: JO-AjAnu
005 - DATE AND TIME OF LATEST TRANSACTION
- control field: 20230606081604.0
008 - FIXED-LENGTH DATA ELEMENTS
- fixed length control field: 230606|| aca||aabn | a|a d
040 ## - CATALOGING SOURCE
- Original cataloging agency: JO-AjAnu
- Transcribing agency: JO-AjAnu
150 ## - HEADING--TOPICAL TERM
- Topical term or geographic name entry element: الاسلام - الحديث النبوي
670 ## - SOURCE DATA FOUND
- Source citation: Work cat.: (JO-AjAnu)23493: تاليف الدمشقي، أبي زكريا يحيى ين شرف النووي, author 45891, رياض الصالحين من كلام سيد المرسلين